<?xml version="1.0" encoding="UTF-8"?>
<collection xmlns="http://www.loc.gov/MARC21/slim">
 <record>
  <leader>01099nam a2200253   4500</leader>
  <controlfield tag="001">000014540</controlfield>
  <controlfield tag="003">10910</controlfield>
  <controlfield tag="005">20150812150851.0</controlfield>
  <controlfield tag="008">120507s1989                           sd</controlfield>
  <datafield tag="100" ind1="0" ind2=" ">
   <subfield code="a">Tiếu Tiếu Sinh</subfield>
   <subfield code="e">Tác giả</subfield>
  </datafield>
  <datafield tag="245" ind1="0" ind2="0">
   <subfield code="a">Kim Bình Mai</subfield>
   <subfield code="b">Trọn bộ 4 tập</subfield>
   <subfield code="c">Tiếu Tiếu Sinh</subfield>
  </datafield>
  <datafield tag="260" ind1=" " ind2=" ">
   <subfield code="a">H.</subfield>
   <subfield code="b">Nxb. Khoa học xã hội</subfield>
   <subfield code="c">1989</subfield>
  </datafield>
  <datafield tag="774" ind1=" " ind2=" ">
   <subfield code="a">Tiếu Tiếu Sinh</subfield>
   <subfield code="b">In theo bản của nxb Chiêu Dương 1969</subfield>
   <subfield code="d">H.</subfield>
   <subfield code="d">Khoa học xã hội</subfield>
   <subfield code="d">1989</subfield>
   <subfield code="g">T. 2</subfield>
   <subfield code="h">446 tr.</subfield>
   <subfield code="w">10911</subfield>
  </datafield>
  <datafield tag="774" ind1=" " ind2=" ">
   <subfield code="a">Tiếu Tiếu Sinh</subfield>
   <subfield code="b">In theo bản của nxb Chiêu Dương 1969</subfield>
   <subfield code="d">H.</subfield>
   <subfield code="d">Khoa học xã hội</subfield>
   <subfield code="d">1989</subfield>
   <subfield code="g">T. 1</subfield>
   <subfield code="h">475 tr.</subfield>
   <subfield code="w">10907</subfield>
  </datafield>
  <datafield tag="774" ind1=" " ind2=" ">
   <subfield code="a">Tiếu Tiếu Sinh</subfield>
   <subfield code="b">In theo bản của nxb Chiêu Dương 1969</subfield>
   <subfield code="d">H.</subfield>
   <subfield code="d">Khoa học xã hội</subfield>
   <subfield code="d">1989</subfield>
   <subfield code="g">T. 3</subfield>
   <subfield code="h">503 tr.</subfield>
   <subfield code="w">10912</subfield>
  </datafield>
  <datafield tag="774" ind1=" " ind2=" ">
   <subfield code="a">Tiếu Tiếu Sinh</subfield>
   <subfield code="b">In theo bản của nxb Chiêu Dương 1969</subfield>
   <subfield code="d">H.</subfield>
   <subfield code="d">Khoa học xã hội</subfield>
   <subfield code="d">1989</subfield>
   <subfield code="g">T. 4</subfield>
   <subfield code="h">511 tr.</subfield>
   <subfield code="w">10913</subfield>
  </datafield>
  <datafield tag="OWN" ind1=" " ind2=" ">
   <subfield code="a">LSP</subfield>
  </datafield>
  <datafield tag="999" ind1=" " ind2=" ">
   <subfield code="a">From the UDN01</subfield>
  </datafield>
  <datafield tag="TYP" ind1=" " ind2=" ">
   <subfield code="a">Monograph</subfield>
  </datafield>
  <datafield tag="TYP" ind1=" " ind2=" ">
   <subfield code="a">Printed language</subfield>
  </datafield>
  <datafield tag="980" ind1=" " ind2=" ">
   <subfield code="a">Mạng thư viện Đại học Đà Nẵng</subfield>
  </datafield>
 </record>
</collection>
